000 00500nam a2200169Ia 4500
003 GCL
008 140319s9999 xx 000 0 ara d
040 _aGCL /
_cGCL
082 0 4 _aد
_b050
100 1 _aنعمات احمد فؤاد
245 1 0 _aالجمال والحرية و الشخصية الانسانية فى ادب العقاد /
_cنعمات احمد فؤاد
300 _a226 ص
490 _aاقرأ
_v0
650 0 4 _aادب العقاد
650 0 4 _aالعقاد
942 _2ddc
_cBK
999 _c48857
_d48857